Los retos de la integración andina : un análisis crítico-propositivo del proceso : caso Ecuador /
Guardat en:
| Autor principal: | |
|---|---|
| Format: | Electrònic eBook |
| Idioma: | espanyol |
| Publicat: |
Cuenca, Ecuador : [Quito] :
Universidad del Azuay, Casa Editora ; Universidad Internacional del Ecuador,
2023.
|
| Matèries: | |
| Accés en línia: | Digitalia Hispánica |
| Etiquetes: |
Afegir etiqueta
Sense etiquetes, Sigues el primer a etiquetar aquest registre!
|
MARC
| LEADER | 00000nam a2200000Ii 4500 | ||
|---|---|---|---|
| 001 | DIGUAZUAY0186 | ||
| 003 | NyNyDIG | ||
| 006 | m o d | ||
| 007 | cr ||||||||||| | ||
| 008 | 251104s2023 ec a ob 000 0 spa d | ||
| 035 | |a (OCoLC)1420746546 | ||
| 040 | |a DGITA |b eng |e rda |e pn |c DGITA | ||
| 020 | |a 9789942618566 |q digital | ||
| 020 | |z 9789942618559 | ||
| 041 | 0 | |a spa |b spa |b eng | |
| 043 | |a s-ec--- | ||
| 050 | 1 | 4 | |a HC202 ebook |
| 245 | 0 | 4 | |a Los retos de la integración andina : |b un análisis crítico-propositivo del proceso : caso Ecuador / |c José Enrique Franco Moncayo [and 13 others]. |
| 264 | 1 | |a Cuenca, Ecuador : |b Universidad del Azuay, Casa Editora ; |a [Quito] : |b Universidad Internacional del Ecuador, |c 2023. | |
| 300 | |a 1 online resource : |b illustrations. | ||
| 336 | |a text |b txt |2 rdacontent | ||
| 337 | |a computer |b c |2 rdamedia | ||
| 338 | |a online resource |b cr |2 rdacarrier | ||
| 347 | |a text file |2 rdaft | ||
| 347 | |b PDF | ||
| 504 | |a Includes bibliographical references. | ||
| 546 | |a Text in Spanish with abstract in Spanish and English. | ||
| 588 | 0 | |a Online resource; title from PDF title page (Digitalia, viewed November 4, 2025) | |
| 650 | 1 | 0 | |a Comunidad Andina. |
| 650 | 0 | |a Community development |z Ecuador. | |
| 651 | 0 | |a Ecuador |x Economic policy. | |
| 651 | 0 | |a Andes Region |x Economic integration. | |
| 700 | 1 | |a Franco Moncayo, José Enrique, |e author. | |
| 791 | 2 | |a Digitalia (Firm), |e distributor. | |
| 793 | 0 | |g Digitalia eBook Collection: |a Universidad del Azuay | |
| 776 | 0 | 8 | |i Print version: |t Retos de la integración andina. |d Cuenca, Ecuador : Universidad del Azuay, Casa Editora ; [Quito] : Universidad Internacional del Ecuador, 2023 |z 9789942618559 |
| 856 | 4 | 0 | |3 Digitalia Hispánica |u https://digitalia.unach.elogim.com/a/133571/ |
| 910 | |a Premium collection: 2025 | ||